000 00366nam a2200133Ia 4500
008 191206s9999 xx 000 0 und d
020 _a069706560X (pbk.)
090 _aBF121.L214
245 0 _a"Psychology, an introduction"
260 _aWm. C. Brown Co.
260 _ccc1983
300 _a"xxxiv, 676 p. : ill. (some col.) ; 26 cm."
999 _c16751
_d16751